000 00300nam a22001337a 4500
008 250625b |||||||| |||| 00| 0 eng d
020 _a043545126
050 _aHD38
_bW37
100 _aWARRILOW Van
245 _aAdministration
260 _aEngland
_bHeinemann
_c1994
300 _a199P.
942 _cBK
999 _c3963
_d3963